000 00686cam a22002411 4500
999 _c2886
_d2886
001 26974
003 GBCCL
005 20241126110442.0
008 790723s1956 ilu 000 0 eng
010 _a 56014230 /L/r85
035 _a(OCoLC)02102980
040 _aDLC
_cDLC
049 _aLBBK
050 0 0 _aBV3790
_b.M22
082 0 _a269
_a253
_bMAC
100 1 _aMacaulay, J. C.
_q(Joseph Cordner),
_d1900-
_96047
245 1 0 _aPersonal evangelism,
_cby J. C. Macaulay and Robert H. Belton.
260 _aChicago,
_bMoody Press
_c[1956]
300 _a255 p.
_c22 cm.
650 0 _aEvangelistic work.
_9290
700 1 _aBelton, Robert H.,
_ejoint author.
_96048
942 _2ddc
_cBK
_021